| 000 | 01142nam a2200217Ia 4500 | ||
|---|---|---|---|
| 003 | Ost | ||
| 005 | 20260507075640.0 | ||
| 008 | 260507s9999||||xx |||||||||||||| ||und|| | ||
| 040 | _cfsecg | ||
| 041 | _aara | ||
| 082 | _a658.1 | ||
| 100 |
_aعثمان، سعيد عبد العزيز _eمؤلف |
||
| 245 | 0 |
_aقراءات في اقتصاديات الخدمات والمشروعات العامة : _bدراسات نظرية وتطبيقية / _c سعيد عبد العزيز عثمان |
|
| 260 |
_aالإسكندرية: _bالدار الجامعية, _c2000 |
||
| 300 |
_a563 صفحة؛ _bإيضاحات ؛ _c24 سم |
||
| 520 | _aالأسس الإقتصادية للنشاط الحكومي ، السياسة التسعيرية في قطاع الخدمات العامة ، الخصخصة والكفاءة الإقتصادية، برامج التخصيص وأسواق رأس المال في الدول النامية، انتاجية النفقة العامة في قطاع الخدمات الصحية | ||
| 653 | _aالقطاع العام | ||
| 653 | _aالمرافق العامة | ||
| 653 | _aالمشروعات | ||
| 942 | _cكتاب | ||
| 999 |
_c45399 _d45399 |
||